书目信息 |
| 题名: |
花花菜
|
|
| 作者: | 木麻黄 著 | |
| 分册: | ||
| 出版信息: | 广州 南方日报出版社 2014 |
|
| 页数: | 217页 | |
| 开本: | 22cm | |
| 丛书名: | ||
| 单 册: | ||
| 中图分类: | S68 , TS972.123.9 | |
| 科图分类: | ||
| 主题词: | 蔬菜园艺 , 花卉--菜谱 | |
| 电子资源: | ||
| ISBN: | 978-7-5491-1099-5 | |
| 000 | 00817nam0 22002531 450 | |
| 001 | 012015000841 | |
| 005 | 20150914162403.64 | |
| 010 | @a978-7-5491-1099-5@dCNY38.00 | |
| 100 | @a20140924d2014 em y0chiy0110 ea | |
| 101 | 0 | @achi |
| 102 | @aCN@b440000 | |
| 105 | @aa z 000yy | |
| 106 | @ar | |
| 200 | 1 | @a花花菜@Ahua hua cai@f木麻黄著 |
| 210 | @a广州@c南方日报出版社@d2014 | |
| 215 | @a217页@c彩图@d22cm | |
| 330 | @a本书通过作者自述如何品花、采集,如何将花卉入馔,展现作者对田园生活的热爱。书中还按春、夏、秋、冬4个季节介绍时令花卉的特性、种植和食疗效果及其他功用,并附有每种花卉菜肴的制作步骤和过程图。 | |
| 606 | 0 | @a蔬菜园艺 |
| 606 | 0 | @a花卉@x菜谱 |
| 690 | @aS68@v5 | |
| 690 | @aTS972.123.9@v5 | |
| 701 | 0 | @a木麻黄@Amu ma huang@4著 |
| 801 | 0 | @aCN@b碧洲教育@c20150718 |
| 905 | @a10447@f4@dS68@e355 | |
| 花花菜/木麻黄著.-广州:南方日报出版社,2014 |
| 217页:彩图;22cm |
| ISBN 978-7-5491-1099-5:CNY38.00 |
| 本书通过作者自述如何品花、采集,如何将花卉入馔,展现作者对田园生活的热爱。书中还按春、夏、秋、冬4个季节介绍时令花卉的特性、种植和食疗效果及其他功用,并附有每种花卉菜肴的制作步骤和过程图。 |
| ● |
| 相关链接 |
|
|
|
|
正题名:花花菜
索取号:S68/355
 
预约/预借
| 序号 | 登录号 | 条形码 | 馆藏地/架位号 | 状态 | 备注 |
| 1 | 0847827 | 208478271 | 第二样本阅览室/ [索取号:S68/355] | 在馆 | |
| 2 | 0847828 | 208478280 | 第三借阅区/ [索取号:S68/355] | 在馆 | |
| 3 | 0847829 | 208478299 | 密集书库-生命科学系/ [索取号:S68/355] | 在馆 | |
| 4 | 0847830 | 208478306 | 第三借阅区/ [索取号:S68/355] | 在馆 |